Most Common Elements in the Sun - Statistics

General Stats
  • This quiz has been taken 70 times
  • The average score is 7 of 10
Answer Stats
% Element % Correct
73.46% Hydrogen
97%
0.77% Oxygen
97%
24.85% Helium
94%
0.09% Nitrogen
94%
0.29% Carbon
89%
0.16% Iron
71%
0.12% Neon
59%
0.04% Sulfur
54%
0.05% Magnesium
46%
0.07% Silicon
33%
No matching quizzes found
Score Distribution
Percent of People with Each Score
Percentile by Number Answered
Your Score History
You have not taken this quiz